Mallý-Dusarov, Ján

Bibliographic Details
Main Author: (jp) (Author)
Format: Article
Language:Slovak
ISSN:1335-7263
Subjects:

MARC

LEADER 00000nab a2200000 a 4500
001 vtls008160808
003 SK-MaSNL
005 20260304203945.0
008 160314c2004 xo mr|p|||||||000 b|slo
015 |a SNBRB2005/06  |2 snkbucl 
038 |a SNKBUCL 
040 |a SNKBUCL  |b slo  |c SNKBUCL  |e AACR2 
041 0 |a slo 
044 |a xo  |c SK 
080 |a 82:929:821.162.4  |2 1997 
080 |a 821.162.4:929  |2 1997 
080 |a 929 Mallý-Dusarov, Ján  |2 1997 
100 0 |a (jp)  |4 aut  |9 850437 
245 1 0 |a Mallý-Dusarov, Ján  |c [autor] (jp) 
504 |a Bibliogr. odkazy 
600 1 7 |a Mallý, Ján,  |d 1829-1902  |2 snkbucl  |9 193717 
773 0 |t Bibiana  |g Roč. XI, č. 3-4 (2004), s. 3-4  |x 1335-7263 
852 |a SNK  |b KIS3GCP 
958 |a BX 
958 |a LX 
958 |a NB 
999 |c 3113457  |d 3115387